000
00193 a2200097 4500
001
4894
100
_a
AThirring,H
245
_a
Power production
260
_a
_b
Harrap
_c
090
_c
4083
_d
4083
942
_a
NUST-CAE
_c
M
_c
30360
999
_c
239967
_d
239967